000 04071njm a2200493Ia 4500
001 24646
003 IT-RoPAU
005 20220918181124.0
008 131025s9999 xx 000 0 und d
040 _aIT-RoPAU
040 _cIT-RoPAU
999 _c100004
_d100004
999 _bn.d.
100 _aAA.VV.
_9794
100 _eAutore musica
_911250
100 _gCodice autore musica SPICS: 12000
_9796
245 _aJames Last Spielt-Robert Stolz
250 _a1a ed.
260 _aITALIA
260 _bPOLYDOR
_c1977 [1a Ed.:1977]
300 _aDISCO
300 _c32 minuti (Testo: pag.)
500 _aMusica strumentale. Arrangiamento
505 _aZwei Herzen Im Dreivierteltakt (2:00) - Mein Liebeslied Muss Ein Walzer Sein (2:00) - Wien Wird Bei Nacht Erst Schon (2:00) - Verliebte Muss Man Gar Nicht Erst in Stimmung Bringen (2:00) - Ob Blond, Ob Braun, Ich Liebe alle Frau'n (2:00) - Du Sollst Der Kaiser Meiner Seele Sein (2:00) - Sag Du, Sag Du Zu Mir! (5:00) - Auch du Wirst Mich Einmal Betrugen (2:00) - Adieu, Mein Kleiner Gardeoffizier (2:00) - Das Ist Der Fruhling in Wien (2:00) - Spiel Auf Deiner Geige Das Lied Von Leid Und Lust (6:00) - Jung San Ma! Fresch San Ma! (2:00) - Im Casino, Da Steht Ein Pianino (2:00) - Wohin Ist Das Alles, Wohin? (2:00) - Im Prater Bluhn Wieder Die Baume (2:00) - In Wien, Wo Der Wein Und Der Walzer Bluht (2:00) -Die Ganze Welt Ist Himmelblau (5:00) - Wenn Die Kleinen Veichen Bluhen (5:00) - Komm'in Den Park Von Sanssouci! ((2:00) - Salome (4:00) - Vor Meinem Vaterhaus (2:00) - Auf Der Heide Bluh'n Die Letzten Rosen (2:00)
650 _aARRANGIAMENTO [DISCHI]
_eCodice MATERIA SPICS: 9950
_911251
700 _aLast James
_gCodice interprete SPICS: 10976
_eInterprete
_911252
700 _aStolz Robert
_gCodice autore musica SPICS: 13453
_eAutore musica
_911253
700 _aReisch Walter
_gCodice autore SPICS: 27501
_eAutore
_pZwei Herzen Im Dreivierteltakt - Auch du Wirst Mich Einmal Betrugen - Adieu, Mein Kleiner Gardeoffizier
_911254
700 _aRobinson Armin L.
_gCodice autore musica SPICS: 27502
_eAutore musica
_pZwei Herzen Im Dreivierteltakt - Auch du Wirst Mich Einmal Betrugen
_911255
700 _aGilbert Robert
_gCodice autore SPICS: 14464
_eAutore
_pMein Liebeslied Muss Ein Walzer Sein - Verliebte Muss Man Gar Nicht Erst in Stimmung Bringen - Jung San Ma! Fresch San Ma! - Wohin Ist Das Alles, Wohin? - Ganze Welt Ist Himmelblau - Die Ganze Welt Ist Himmelblau
_911256
700 _aSterk Wilhelm
_gCodice autore SPICS: 27503
_eAutore
_pWien Wird Bei Nacht Erst Schon - Du Sollst Der Kaiser Meiner Seele Sein
_911257
700 _aWeys Rudolf
_gCodice autore SPICS: 27504
_eAutore
_pVerliebte Muss Man Gar Nicht Erst in Stimmung Bringen
_911258
700 _aMarischka Ernst
_gCodice autore SPICS: 27505
_eAutore
_pOb Blond, Ob Braun, Ich Liebe alle Frau'n
_911259
700 _aGrunbaum Fritz
_gCodice autore SPICS: 27506
_eAutore
_pDu Sollst Der Kaiser Meiner Seele Sein
_911260
700 _aBeer Gustav
_gCodice autore SPICS: 27507
_eAutore
_pSag Du, Sag du Zu Mir!
_911261
700 _aReisch Walter
_gCodice autore SPICS: 27501
_eAutore
_pAuch du Wirst Mich Einmal Betrugen - Adieu, Mein Kleiner Gardeoffizier
_911262
700 _aRebner Arthur
_gCodice autore SPICS: 27326
_eAutore
_pDas Ist Der Fruhling in Wien - Salome
_911263
700 _aGrunwald Alfred
_gCodice autore SPICS: 27508
_eAutore
_pSpiel Auf Deiner Geige Das Lied Von Leid Und Lust
_911264
700 _aHerzer Ludwig
_gCodice autore /musica SPICS: 27509
_eAutore musica
_pSpiel Auf Deiner Geige Das Lied Von Leid Und Lust
_911265
700 _aHardt-Warden Bruno
_gCodice autore SPICS: 27510
_eAutore
_pIm Casino, Da Steht Ein Pianino - Wenn Die Kleinen Veichen Bluhen - Vor Meinem Vaterhaus
_911266
700 _aGrunwald Alfred
_gCodice autore SPICS: 27508
_eAutore
_pIn Wien, Wo Der Wein Und Der Walzer Bluht
_911267
700 _aRillo Richard
_gCodice autore SPICS: 27512
_eAutore
_pKomm'in Den Park Von Sanssouci!
_911268
700 _aBalz Bruno
_gCodice autore SPICS: 27513
_eAutore
_pAuf Der Heide Bluh'n Die Letzten Rosen
_911269
942 _cMD
_2ddc